000 00416nam a2200157Ia 4500
008 240729s9999 xx 000 0 und d
022 _a1995-8692
245 0 _aJournal of Eye Movement Research
260 _aSwitzerland
260 _bBern Open Publishing
650 _a Human anatomy
650 _aScience
856 _uhttps://doaj.org/toc/6fb54643f28147a7961dd2ae9b519530
942 _2ddc
942 _cDOAJEJ
999 _c68875
_d68875
945 _a1
_bMadushi Gamage
_c1
_dMadushi Gamage